000 002260000a22000970004500
100 1 _aRanney, Stephen L.
245 1 0 _aSanitation : A vital concern
300 _aNúm 9 (1985), Páginas 36-38
773 0 _tTogether
942 _cANA
999 _c56960
_d56960